| 000 | 01378nam a2200289 a 4500 | ||
|---|---|---|---|
| 001 | 38947 | ||
| 003 | BD-RjUL | ||
| 005 | 20211209052905.0 | ||
| 008 | 190323s1971 bg |||| |||| 000 0dben d | ||
| 020 | _c: PRs. 1.00 | ||
| 035 | _a(BD-RjUL) 39057 | ||
| 040 |
_aBD-RjUL _bben/eng _cBD-RjUL |
||
| 041 | _aben | ||
| 082 |
_223 _a891.44092 _bSAS 1971 |
||
| 100 | 1 |
_aসাকলায়েন, গোলাম _9116893 |
|
| 245 | 1 | 0 |
_aশেখ ফজলল করিম, ১৮৮২-১৯৩৬ / _cগোলাম সাকলায়েন |
| 260 |
_aঢাকা: _bকেন্দ্রীয় বাংলা-উন্নয়ন বোর্ড, _c১৯৭১. |
||
| 300 |
_a[৬], ৫২ পৃ. : _bচিত্র ; _c২২ সেমি. |
||
| 490 |
_aসাহিত্য-সাধক পরিচিতি গ্রন্থমালা ; _v৮ |
||
| 504 | _aগ্রন্থপঞ্জী সংযুক্ত | ||
| 600 |
_aশেখ ফজলল করিম, _d১৮৮২-১৯৩৬ _xজীবনী _9229548 |
||
| 600 |
_aShaikh Fazlal Karim, _d1882-1936 _xBiography _9229549 |
||
| 650 |
_aবাংলা সাহিত্য _xজীবনী _9229550 |
||
| 650 |
_aBengali Literature _xBiography _9229551 |
||
| 830 |
_aসাহিত্য-সাধক পরিচিতি গ্রন্থমালা ; _v৮ _9229552 |
||
| 942 |
_2ddc _cBK |
||
| 999 |
_c38947 _d38947 |
||